Statistics for Calculus

Click here to take the quiz!

General Stats

  • This quiz has been taken 121 times
    (84 since last reset)
  • The average score is 10 of 14

Answer Stats

HintAnswer% Correct
If "i" is the square root of negative 1 and e = Euler's constant, what is e^(iπ)+1?0
95%
What is log base 10 of 1000?3
94%
What is the lim[sin(x)/x] as x goes to 0?1
92%
The derivative with respect to x of sin(x) is?cos(x)
92%
Term for the area between a function and the x or y axisIntegral
86%
Term for lim[[f(x+h)-f(x)]/h] as h-->0Derivative
83%
Log(a)+Log(b) = Log(??)ab
83%
If y'(x) +x = 2 and y(0) = 0, then y(2) = ??2
81%
e^(iΘ) = cos(Θ)+i*sin(Θ) is the famous formula attributed to____?? (Use last name only)Euler
78%
The creation of calculus (branch of mathematics) is mostly attributed to ___?? (Use last name only)Newton
75%
The volume of a cone is known to be a function of its height and the circular area of its base. If the cross section is a square instead of a circle, what does the shape become?pyramid
60%
A rectangular fence with a fixed perimeter is designed to maximize area. It has a width of W. What should the other dimension be?W
57%
What is the integral with respect to x of g'(x)/g(x)? (do not include the constant of integration)ln(g(x))
34%
What is the lim[(N/2)(sin(360°/N)] as N-->∞???? (spell it)pi
30%

Score Distribution

Percentile by Number Answered

Percent of People with Each Score

Your Score History

You have not taken this quiz since the last reset